000 00394nam a22001697a 4500
005 20160502171042.0
008 160502b xxu||||| |||| 00| 0 eng d
020 _a415111609
041 _aeng
082 _b1107
100 _aHartleg Peter
_9363
245 _aGroup Communication
260 _aNew York
_bRouteledge London,
_c2004
300 _a225
650 _aManagement
_9241
942 _cBK
999 _c421
_d421